[Event "CYCC U12"]
[Site "Regina CAN"]
[Date "2019.07.09"]
[Round "6.88"]
[White "Zhang, Raymond Tangning"]
[Black "Sharma, Vishruth"]
[Result "0-1"]
[WhiteElo "1226"]
[BlackElo "1765"]
[PlyCount "76"]
[EventDate "2019.07.07"]
[EventType "swiss"]
[EventRounds "7"]
[EventCountry "CAN"]

1. d4 Nf6 2. Nf3 d6 3. Bf4 g6 4. e3 Bg7 5. Bd3 O-O 6. O-O Nbd7 7. Bg3 Nh5 8.
Nbd2 Nxg3 9. hxg3 e5 10. c3 Re8 11. dxe5 Nxe5 12. Be2 Bf5 13. Nd4 Bd7 14. Qc2
Qe7 15. N2f3 a6 16. Rfe1 c5 17. Nb3 d5 18. Rad1 Be6 19. Nxe5 Bxe5 20. Bf3 Red8
21. Rd2 Rd7 22. Qd1 Rad8 23. Bg4 f5 24. Bf3 b6 25. Na1 a5 26. Qa4 h5 27. Red1
Qf7 28. Qc6 Rd6 29. Qb5 g5 30. c4 d4 31. exd4 Bxc4 32. dxe5 Rxd2 33. Rxd2 Rxd2
34. Qxb6 g4 35. Qxa5 Rxb2 36. Qd8+ Kh7 37. Bxg4 fxg4 38. e6 Qxf2+ 0-1

[Event "CYCC U12"]
[Site "Regina CAN"]
[Date "2019.07.09"]
[Round "6.89"]
[White "Boucher, Samuel"]
[Black "Wang, Daniel"]
[Result "0-1"]
[WhiteElo "898"]
[BlackElo "1406"]
[PlyCount "62"]
[EventDate "2019.07.07"]
[EventType "swiss"]
[EventRounds "7"]
[EventCountry "CAN"]

1. e4 c5 2. Nf3 Nc6 3. d4 cxd4 4. Nxd4 e5 5. Nf3 Nf6 6. Nc3 Bb4 7. Bd3 d5 8.
Bd2 Bxc3 9. Bxc3 dxe4 10. Nxe5 exd3 11. Nxc6 bxc6 12. O-O dxc2 13. Re1+ Be6 14.
Qxc2 O-O 15. Red1 Nd5 16. Bd4 Bd7 17. Qd3 Qg5 18. h4 Qg4 19. g3 Nf4 20. Qf1
Ne2+ 21. Kg2 Nxd4 22. Qh1 Qf3+ 23. Kh2 Qxf2+ 24. Qg2 Nf3+ 25. Kh1 Qxg2+ 26.
Kxg2 Ne5 27. Rd6 Rab8 28. Re1 f6 29. Rg1 Rxb2+ 30. Kh1 Nf3 31. Rf1 Rh2# 0-1

[Event "CYCC U12"]
[Site "Regina CAN"]
[Date "2019.07.09"]
[Round "6.90"]
[White "Zeng, Gordon"]
[Black "Lin, Joey"]
[Result "0-1"]
[WhiteElo "780"]
[BlackElo "1255"]
[PlyCount "68"]
[EventDate "2019.07.07"]
[EventType "swiss"]
[EventRounds "7"]
[EventCountry "CAN"]

1. e4 c5 2. Nf3 d6 3. d4 cxd4 4. Nxd4 Nf6 5. Nc3 e6 6. Bd3 Be7 7. Nf3 Nc6 8.
Bf4 O-O 9. Qd2 a6 10. Bg5 b5 11. O-O Bb7 12. Qe3 Rc8 13. Rad1 Qc7 14. Bf4 b4
15. Ne2 e5 16. Bg5 Qd7 17. Ng3 Nd8 18. Nh4 Ng4 19. Qd2 Nf6 20. Nhf5 Ne6 21. Bh6
gxh6 22. Qxh6 Kh8 23. Nh5 Nxh5 24. Qxh5 Ng7 25. Qh6 Nxf5 26. exf5 Rg8 27. f6
Rxg2+ 28. Kh1 Rg6+ 29. f3 Rxh6 30. fxe7 Qxe7 31. Kg2 Qg5+ 32. Kf2 Rxh2+ 33. Ke1
Qe3+ 34. Be2 Rxe2# 0-1

[Event "CYCC U12"]
[Site "Regina CAN"]
[Date "2019.07.09"]
[Round "6.92"]
[White "Zhang, Justin"]
[Black "Yim, Warren"]
[Result "1-0"]
[WhiteElo "536"]
[BlackElo "697"]
[PlyCount "79"]
[EventDate "2019.07.07"]
[EventType "swiss"]
[EventRounds "7"]
[EventCountry "CAN"]

1. e4 e5 2. Nf3 Nc6 3. Nc3 Nf6 4. Bb5 Bc5 5. d3 h6 6. Bxc6 bxc6 7. Nxe5 d6 8.
Nf3 Bg4 9. d4 Bb6 10. Be3 O-O 11. Qe2 Ba5 12. Bd2 d5 13. O-O-O dxe4 14. Nxe4
Bxd2+ 15. Rxd2 Re8 16. Nxf6+ Qxf6 17. Qd3 Rad8 18. Qa6 Ra8 19. Qb7 Rec8 20. d5
cxd5 21. Qxd5 Rd8 22. Qb7 Rdc8 23. h3 Be6 24. Qe4 Bf5 25. Qd5 Rab8 26. Nd4 Bg6
27. Rf1 Bh5 28. g4 Bg6 29. f4 Bh7 30. c3 Qh4 31. Nc6 Ra8 32. Rfd1 Kf8 33. Qe5
g5 34. Qe7+ Kg8 35. Qf6 Be4 36. Ne7+ Kh7 37. Qxf7+ Kh8 38. Nxc8 Rxc8 39. Rd8+
Rxd8 40. Rxd8# 1-0

[Event "CYCC U12"]
[Site "Regina CAN"]
[Date "2019.07.09"]
[Round "6.93"]
[White "Levac, Guillaume"]
[Black "Han, Yi"]
[Result "1-0"]
[WhiteElo "914"]
[BlackElo "738"]
[PlyCount "87"]
[EventDate "2019.07.07"]
[EventType "swiss"]
[EventRounds "7"]
[EventCountry "CAN"]

1. e4 e6 2. d4 d5 3. exd5 exd5 4. Qe2+ Be7 5. Bg5 Nc6 6. Bxe7 Ngxe7 7. Nf3 O-O
8. Nc3 Re8 9. O-O-O Bf5 10. Qd2 Ng6 11. Re1 Qd7 12. Bb5 a6 13. Bxc6 Qxc6 14.
Rxe8+ Rxe8 15. Re1 b5 16. Re3 h6 17. Qe2 Bd7 18. Rxe8+ Bxe8 19. Ne5 Nxe5 20.
Qxe5 f6 21. Qg3 Qc4 22. Qd3 Qxd3 23. cxd3 g5 24. Nxd5 Kf7 25. Nxc7 a5 26. Nxe8
Kxe8 27. Kc2 Kd7 28. Kc3 Kc6 29. b4 axb4+ 30. Kxb4 Kb6 31. d5 h5 32. d6 Kc6 33.
d7 Kxd7 34. Kxb5 Kc8 35. a4 Kb7 36. a5 Ka7 37. a6 h4 38. d4 f5 39. d5 Kb8 40.
Kb6 Ka8 41. a7 g4 42. d6 f4 43. d7 g3 44. d8=Q# 1-0

[Event "CYCC U12"]
[Site "Regina CAN"]
[Date "2019.07.10"]
[Round "7.81"]
[White "Xu, Daniel"]
[Black "Ajith, Aayush"]
[Result "1/2-1/2"]
[WhiteElo "2098"]
[BlackElo "1810"]
[PlyCount "56"]
[EventDate "2019.07.07"]
[EventType "swiss"]
[EventRounds "7"]
[EventCountry "CAN"]

1. d4 d5 2. c4 e6 3. Nc3 c6 4. Nf3 Nf6 5. Bg5 h6 6. Bxf6 Qxf6 7. e3 Nd7 8. Bd3
Bd6 9. O-O O-O 10. e4 dxe4 11. Nxe4 Qe7 12. Nxd6 Qxd6 13. Re1 Nf6 14. Qe2 b6
15. Rac1 c5 16. dxc5 Qxc5 17. Qd2 Bb7 18. b4 Qe7 19. Ne5 Rad8 20. Qc3 Nd7 21.
Bf1 Nxe5 22. Rxe5 Rc8 23. c5 bxc5 24. Rxc5 Rxc5 25. Qxc5 Qxc5 26. Rxc5 Rc8 27.
Bb5 Rxc5 28. bxc5 Kf8 1/2-1/2

[Event "CYCC U12"]
[Site "Regina CAN"]
[Date "2019.07.10"]
[Round "7.82"]
[White "Chandra, Anand"]
[Black "Qin, Kevin"]
[Result "1-0"]
[WhiteElo "2034"]
[BlackElo "1676"]
[PlyCount "91"]
[EventDate "2019.07.07"]
[EventType "swiss"]
[EventRounds "7"]
[EventCountry "CAN"]

1. e4 c6 2. d4 d5 3. Nc3 dxe4 4. Nxe4 Nf6 5. Ng3 h5 6. h4 Bg4 7. Be2 Bxe2 8.
N1xe2 e6 9. Be3 Bd6 10. Qd2 Nbd7 11. O-O-O Qc7 12. Kb1 O-O-O 13. c4 Ng4 14. Ne4
Nxe3 15. fxe3 Be7 16. g3 f5 17. N4c3 Nf6 18. Nf4 Qd7 19. Qe2 Bb4 20. Na4 Ne4
21. Rhg1 Kb8 22. c5 Qf7 23. Ka1 Ba5 24. Qc4 Rhe8 25. b4 Bc7 26. Ne2 Qd7 27.
Nac3 Nf6 28. a4 Nd5 29. Rd3 Nxc3 30. Nxc3 e5 31. b5 exd4 32. bxc6 Qxc6 33. exd4
Ba5 34. Rb1 Bxc3+ 35. Rxc3 Re4 36. Rd3 Qd5 37. Rb4 Re1+ 38. Ka2 Re2+ 39. Ka3
Qh1 40. Rbb3 Qa1+ 41. Kb4 Ra2 42. Ka5 Rd5 43. Rxb7+ Kxb7 44. Qxd5+ Kc8 45. Qc6+
Kd8 46. Re3 1-0

[Event "CYCC U12"]
[Site "Regina CAN"]
[Date "2019.07.10"]
[Round "7.83"]
[White "He, Matthew"]
[Black "Srinivas, Atharva"]
[Result "1-0"]
[WhiteElo "1161"]
[BlackElo "1742"]
[PlyCount "119"]
[EventDate "2019.07.07"]
[EventType "swiss"]
[EventRounds "7"]
[EventCountry "CAN"]

1. d4 d5 2. c4 c6 3. Nf3 Nf6 4. Nc3 e6 5. Bg5 Nbd7 6. e3 Bb4 7. Rc1 Qa5 8. Qc2
Ne4 9. Bd3 Nxg5 10. Nxg5 dxc4 11. f4 cxd3 12. Qxd3 Qxa2 13. O-O Bxc3 14. bxc3
Qd5 15. e4 Qd6 16. e5 Qe7 17. Rce1 b6 18. Ne4 O-O 19. Re3 h6 20. f5 exf5 21.
Nd6 Nb8 22. Rg3 f6 23. Nxc8 Rxc8 24. Qxf5 Rc7 25. exf6 Qe8 26. Qf4 Rf7 27. Qxh6
Qf8 28. Rxg7+ Rxg7 29. fxg7 Qxg7 30. Qe6+ Kh8 31. Qe8+ Qg8 32. Rf8 Qxf8 33.
Qxf8+ Kh7 34. Qe7+ Kg6 35. Qb7 a5 36. Qxa8 Nd7 37. Qxc6+ Nf6 38. Qxb6 a4 39.
Qb4 Ne4 40. Qxa4 Kf5 41. Qd7+ Kf4 42. g3+ Ke3 43. Qe6 Kd3 44. Qxe4+ Kxe4 45. h4
Kf5 46. h5 Kg5 47. g4 Kxg4 48. h6 Kg5 49. h7 Kg6 50. h8=Q Kf7 51. Qe5 Kg6 52.
Kg2 Kf7 53. Kg3 Kg6 54. Kg4 Kf7 55. Qd6 Kg7 56. Qe6 Kh8 57. Qd7 Kg8 58. Kf5 Kh8
59. Kf6 Kg8 60. Qg7# 1-0

[Event "CYCC U12"]
[Site "Regina CAN"]
[Date "2019.07.10"]
[Round "7.84"]
[White "Locham, Divjot"]
[Black "Chen, Ricky"]
[Result "1-0"]
[WhiteElo "1666"]
[BlackElo "1544"]
[PlyCount "91"]
[EventDate "2019.07.07"]
[EventType "swiss"]
[EventRounds "7"]
[EventCountry "CAN"]

1. e4 c5 2. Nf3 d6 3. Bb5+ Bd7 4. Bxd7+ Nxd7 5. O-O Ngf6 6. Re1 e6 7. c3 Be7 8.
d4 cxd4 9. cxd4 O-O 10. Nc3 d5 11. e5 Ne8 12. Be3 Qb6 13. Qd3 h6 14. Qd2 Kh7
15. Qd3+ Kg8 16. Qd2 Kh7 17. Qc2+ Kg8 18. Ne2 f5 19. exf6 Rxf6 20. Ne5 Nf8 21.
Ng3 Bd6 22. Nh5 Rf5 23. g4 Bxe5 24. dxe5 d4 25. gxf5 dxe3 26. Rxe3 exf5 27.
Qb3+ Kh8 28. Qxb6 axb6 29. Rb3 Nd7 30. e6 Nc5 31. Rxb6 Nc7 32. b4 N5xe6 33.
Rxb7 Ra4 34. Ng3 g6 35. Rc1 Rxa2 36. Rbxc7 Nxc7 37. Rxc7 Rb2 38. Rb7 f4 39. Ne4
f3 40. h4 Kg8 41. Kh2 g5 42. hxg5 hxg5 43. Kg3 Kf8 44. Kxf3 Ke8 45. Nxg5 Kd8
46. Ne6+ 1-0

[Event "CYCC U12"]
[Site "Regina CAN"]
[Date "2019.07.10"]
[Round "7.85"]
[White "Srinivasan, Hemant"]
[Black "Offengenden, Ron"]
[Result "1-0"]
[WhiteElo "1911"]
[BlackElo "1635"]
[PlyCount "121"]
[EventDate "2019.07.07"]
[EventType "swiss"]
[EventRounds "7"]
[EventCountry "CAN"]

1. d4 d5 2. c4 e6 3. Nc3 Nf6 4. Nf3 Be7 5. Bg5 b6 6. e3 Bb7 7. cxd5 Nxd5 8.
Bxe7 Qxe7 9. Bd3 O-O 10. O-O f5 11. Re1 Nd7 12. Rc1 c5 13. Nxd5 Bxd5 14. e4
fxe4 15. Bxe4 Bxe4 16. Rxe4 Nf6 17. Re2 Rad8 18. Qb3 Kh8 19. Rxe6 Qc7 20. g3
Nd5 21. Kg2 Nf4+ 22. gxf4 Qxf4 23. Rc3 c4 24. Qxc4 Qg4+ 25. Kh1 Rxf3 26. Qe2 h6
27. Rxf3 Kh7 28. Qe4+ Qxe4 29. Rxe4 Rc8 30. Re7 Rc6 31. d5 Rg6 32. Re6 Rg5 33.
Rd3 Kg8 34. d6 a5 35. d7 a4 36. d8=R+ Kh7 37. Rxb6 a3 38. Rxa3 h5 39. Raa8 Rg1+
40. Kxg1 g6 41. a4 Kh6 42. a5 h4 43. a6 Kh5 44. a7 g5 45. Rac8 Kg4 46. a8=R Kh3
47. b4 g4 48. Rc3+ g3 49. hxg3 hxg3 50. Rxg3+ Kh4 51. b5 Kh5 52. Rbg6 Kh4 53.
b6 Kh5 54. b7 Kh4 55. b8=R Kh5 56. f4 Kh4 57. f5 Kh5 58. f6 Kh4 59. f7 Kh5 60.
f8=R Kh4 61. Rh8# 1-0

[Event "CYCC U12"]
[Site "Regina CAN"]
[Date "2019.07.10"]
[Round "7.86"]
[White "Sharma, Vishruth"]
[Black "Hu, Raymond"]
[Result "1-0"]
[WhiteElo "1765"]
[BlackElo "1504"]
[PlyCount "107"]
[EventDate "2019.07.07"]
[EventType "swiss"]
[EventRounds "7"]
[EventCountry "CAN"]

1. e4 c5 2. Nf3 Nc6 3. d4 cxd4 4. Nxd4 Nf6 5. Nc3 e5 6. Ndb5 d6 7. Bg5 a6 8.
Na3 b5 9. Bxf6 Qxf6 10. Nd5 Qd8 11. c3 Rb8 12. Bd3 Be6 13. Nc2 Be7 14. Nce3 Bg5
15. Qe2 Ne7 16. O-O Bxe3 17. Nxe3 O-O 18. a4 Qd7 19. axb5 axb5 20. Nc2 Rb6 21.
Ra5 Rfb8 22. Rfa1 h6 23. Nb4 Ng6 24. g3 Bb3 25. Ra8 Ba4 26. Rxb8+ Rxb8 27. Ra3
Qe6 28. Nd5 Ne7 29. b3 Nxd5 30. exd5 Qxd5 31. bxa4 bxa4 32. Rxa4 g6 33. Qe4 Qb3
34. Bc4 Qxa4 35. Bxf7+ Kxf7 36. Qxa4 Rd8 37. Qe4 Kg7 38. Qb7+ Kf6 39. Qc7 Re8
40. Qxd6+ Re6 41. Qd8+ Re7 42. c4 Kf7 43. c5 Re8 44. Qd5+ Kf6 45. c6 Re7 46.
Qd8 Kf7 47. c7 Rxc7 48. Qxc7+ Kf6 49. Kg2 Kf5 50. Qf7+ Kg5 51. h4+ Kh5 52. Kh3
e4 53. Qf3+ exf3 54. g4# 1-0

[Event "CYCC U12"]
[Site "Regina CAN"]
[Date "2019.07.10"]
[Round "7.87"]
[White "Zhu, Matthew"]
[Black "Pathak, Pranav"]
[Result "1-0"]
[WhiteElo "1863"]
[BlackElo "1260"]
[PlyCount "145"]
[EventDate "2019.07.07"]
[EventType "swiss"]
[EventRounds "7"]
[EventCountry "CAN"]

1. e4 c5 2. Nf3 d6 3. d4 cxd4 4. Nxd4 Nf6 5. Nc3 Nc6 6. f3 e6 7. Bb5 Bd7 8. O-O
a6 9. Bxc6 bxc6 10. Kh1 c5 11. Nde2 Be7 12. Bf4 Bc6 13. Ng3 O-O 14. Qe2 Qb6 15.
Rab1 Bb5 16. Nxb5 Qxb5 17. c4 Qa5 18. b3 Qb6 19. Rfd1 Rad8 20. Bd2 Qb7 21. b4
Rb8 22. Qd3 Qa7 23. Be3 Rfd8 24. Qa3 Ra8 25. Qa5 Rdc8 26. Qa4 Qc7 27. bxc5 dxc5
28. Rd3 Qc6 29. Qxc6 Rxc6 30. e5 Ne8 31. Rb7 Bf8 32. Ne4 f6 33. exf6 Nxf6 34.
Nxf6+ gxf6 35. Rdd7 Rd6 36. Rxd6 Bxd6 37. Rd7 Bf8 38. Rb7 Rd8 39. Kg1 Rd1+ 40.
Kf2 Ra1 41. Rb2 Bd6 42. h3 Be5 43. Rc2 Bd4 44. Bxd4 cxd4 45. Ke2 e5 46. c5 Rb1
47. c6 Rb8 48. c7 Rc8 49. Rc6 Kf7 50. Kd3 f5 51. f4 e4+ 52. Kxd4 Ke7 53. g4 Kd7
54. Rc4 Rxc7 55. Rxc7+ Kxc7 56. gxf5 Kd7 57. Kxe4 Ke7 58. Ke5 Kf7 59. f6 a5 60.
h4 Ke8 61. Ke6 Kf8 62. f7 a4 63. h5 a3 64. Kf6 h6 65. Kg6 Ke7 66. Kg7 Ke6 67.
f8=Q Kd5 68. f5 Kc4 69. f6 Kc3 70. f7 Kb2 71. Qb4+ Ka1 72. f8=Q Kxa2 73. Qf2+
1-0

[Event "CYCC U12"]
[Site "Regina CAN"]
[Date "2019.07.10"]
[Round "7.88"]
[White "Lin, Joey"]
[Black "Pan, Thomas"]
[Result "1-0"]
[WhiteElo "1255"]
[BlackElo "1137"]
[PlyCount "55"]
[EventDate "2019.07.07"]
[EventType "swiss"]
[EventRounds "7"]
[EventCountry "CAN"]

1. e4 c5 2. Nf3 Nc6 3. d3 Nf6 4. g3 e6 5. Bg2 Be7 6. O-O O-O 7. Re1 d6 8. Nbd2
a6 9. Nf1 b5 10. h4 Bb7 11. N1h2 Qc7 12. Bg5 h6 13. Bxf6 Bxf6 14. c3 b4 15. Ng4
Qe7 16. Nxf6+ Qxf6 17. Rb1 Rab8 18. Qd2 Ne5 19. Nxe5 bxc3 20. bxc3 Qxe5 21. d4
Qf6 22. e5 Qg6 23. Rxb7 Rxb7 24. Bxb7 Rb8 25. Be4 Qh5 26. exd6 cxd4 27. Qxd4 e5
28. Qd1 1-0

[Event "CYCC U12"]
[Site "Regina CAN"]
[Date "2019.07.10"]
[Round "7.89"]
[White "Wang, Daniel"]
[Black "Shan, Eric"]
[Result "1-0"]
[WhiteElo "1406"]
[BlackElo "902"]
[PlyCount "99"]
[EventDate "2019.07.07"]
[EventType "swiss"]
[EventRounds "7"]
[EventCountry "CAN"]

1. e4 e5 2. Nf3 Nc6 3. Bc4 Nf6 4. d3 h6 5. c3 d5 6. exd5 Nxd5 7. O-O Be7 8. Re1
Bg4 9. Nbd2 O-O 10. h3 Bxf3 11. Nxf3 Bf6 12. Be3 Re8 13. Rc1 Qd7 14. b4 Nxc3
15. Rxc3 e4 16. Rc1 exf3 17. Qxf3 Nxb4 18. Qxb7 Rab8 19. Qxa7 Ra8 20. Qc5 Nxd3
21. Bxd3 Qxd3 22. Qxc7 Be5 23. Qc2 Qd6 24. Qd2 Bh2+ 25. Kh1 Be5 26. Qxd6 Bxd6
27. Rc2 Kh7 28. g3 Kg6 29. Kg2 Kf5 30. g4+ Kg6 31. Ree2 f5 32. Rc6 Rad8 33. Rd2
Re6 34. Bc5 Bxc5 35. Rxe6+ Kf7 36. Rxd8 Kxe6 37. gxf5+ Kxf5 38. Rd5+ Ke4 39.
Rxc5 g5 40. a4 g4 41. hxg4 h5 42. Rxh5 Kd4 43. a5 Kc4 44. a6 Kb4 45. a7 Kb3 46.
a8=Q Kc2 47. Rc5+ Kd3 48. Qd5+ Ke2 49. Rc2+ Ke1 50. Qd2# 1-0

[Event "CYCC U12"]
[Site "Regina CAN"]
[Date "2019.07.10"]
[Round "7.90"]
[White "Zhang, Raymond Tangning"]
[Black "Zhang, Justin"]
[Result "1-0"]
[WhiteElo "1226"]
[BlackElo "536"]
[PlyCount "57"]
[EventDate "2019.07.07"]
[EventType "swiss"]
[EventRounds "7"]
[EventCountry "CAN"]

1. d4 d5 2. Nf3 Nc6 3. Bf4 Nf6 4. e3 Bg4 5. Bd3 e6 6. Nbd2 Bb4 7. c3 Bd6 8. Bg3
Bxg3 9. hxg3 O-O 10. Qc2 Re8 11. Bxh7+ Kf8 12. Bd3 e5 13. dxe5 Nxe5 14. Nxe5
Rxe5 15. Rh8+ Ng8 16. Bh7 Qf6 17. Rxg8+ Ke7 18. Rxa8 Rf5 19. Bxf5 Bh5 20. g4
Qh4 21. O-O-O Bxg4 22. Bxg4 Qxg4 23. Rxa7 Qxg2 24. Rxb7 Qxf2 25. Rxc7+ Kf6 26.
Ne4+ Ke6 27. Qxf2 dxe4 28. Qxf7+ Ke5 29. Re7# 1-0

[Event "CYCC U12"]
[Site "Regina CAN"]
[Date "2019.07.10"]
[Round "7.92"]
[White "Boucher, Samuel"]
[Black "Zeng, Gordon"]
[Result "0-1"]
[WhiteElo "898"]
[BlackElo "780"]
[PlyCount "52"]
[EventDate "2019.07.07"]
[EventType "swiss"]
[EventRounds "7"]
[EventCountry "CAN"]

1. e4 e5 2. Nf3 Nc6 3. Nc3 Bc5 4. Bc4 Nf6 5. Ng5 O-O 6. Nd5 d6 7. O-O Bg4 8.
Be2 Be6 9. Bh5 Nxd5 10. Nxe6 fxe6 11. exd5 exd5 12. Qg4 Qf6 13. d3 Bxf2+ 14.
Kh1 Qf5 15. Qe2 Nd4 16. Qd2 Qxh5 17. Rxf2 Rxf2 18. Qxf2 Rf8 19. Qg1 Rf6 20. Be3
Nxc2 21. Rf1 Rxf1 22. Qxf1 Nxe3 23. Qf2 Ng4 24. Qg3 Qg5 25. h3 Qc1+ 26. Qe1
Qxe1# 0-1

[Event "CYCC U12"]
[Site "Regina CAN"]
[Date "2019.07.10"]
[Round "7.93"]
[White "Levesque, Remy"]
[Black "Yim, Warren"]
[Result "0-1"]
[WhiteElo "1047"]
[BlackElo "697"]
[PlyCount "74"]
[EventDate "2019.07.07"]
[EventType "swiss"]
[EventRounds "7"]
[EventCountry "CAN"]

1. e4 e5 2. d3 Nf6 3. Nc3 Bc5 4. Na4 Be7 5. Nc3 d6 6. Nf3 Nc6 7. Bg5 h6 8. Bxf6
Bxf6 9. Qd2 Be6 10. a4 O-O 11. a5 Nxa5 12. Rxa5 c5 13. Rb5 b6 14. g3 a6 15. Rb3
Bxb3 16. cxb3 h5 17. Nd5 Be7 18. Nxe7+ Qxe7 19. Be2 Rfe8 20. Ng5 f6 21. Nf3 b5
22. b4 cxb4 23. Bd1 a5 24. Bb3+ Kf8 25. Bd1 a4 26. Ng1 a3 27. bxa3 bxa3 28.
Bxh5 Red8 29. Nh3 Rdc8 30. Ke2 a2 31. Ra1 Rcb8 32. Kf1 b4 33. Bd1 b3 34. Bxb3
Rxb3 35. Rxa2 Rxa2 36. Qxa2 Rxd3 37. Qa8+ Qe8 {...} 0-1

[Event "CYCC U14"]
[Site "Regina CAN"]
[Date "2019.07.07"]
[Round "1.101"]
[White "Landstrom, William"]
[Black "Zhao, Ian"]
[Result "0-1"]
[WhiteElo "1676"]
[BlackElo "2343"]
[PlyCount "84"]
[EventDate "2019.07.07"]
[EventType "swiss"]
[EventRounds "7"]
[EventCountry "CAN"]

1. e4 e5 2. Nf3 Nc6 3. Bc4 Bc5 4. c3 Nf6 5. d3 d6 6. O-O a6 7. a4 h6 8. Nbd2
O-O 9. Re1 Re8 10. Nf1 Ba7 11. Ng3 Be6 12. Bb3 d5 13. Be3 Bxe3 14. Rxe3 Qd7 15.
Qc2 Rad8 16. Rd1 Bg4 17. exd5 Nxd5 18. Bxd5 Qxd5 19. h3 Bc8 20. Rde1 f5 21. Ne2
Rf8 22. Nc1 f4 23. R3e2 Bxh3 24. c4 Qd7 25. Nxe5 Nxe5 26. Rxe5 Bxg2 27. Qe2 f3
28. Re7 fxe2 29. Rxd7 Rxd7 30. Kxg2 Re8 31. Kf3 Rf7+ 32. Kg2 Rf6 33. Rxe2 Rxe2
34. Nxe2 Rb6 35. Nd4 Rxb2 36. Ne6 c6 37. Nc5 Kf7 38. Kg3 Ke7 39. f3 Kd6 40.
Ne4+ Ke5 41. Nc5 g5 42. d4+ Kxd4 0-1

[Event "CYCC U14"]
[Site "Regina CAN"]
[Date "2019.07.07"]
[Round "1.102"]
[White "Issani, Nameer"]
[Black "Lei, Yanyu"]
[Result "1-0"]
[WhiteElo "2248"]
[BlackElo "1574"]
[PlyCount "47"]
[EventDate "2019.07.07"]
[EventType "swiss"]
[EventRounds "7"]
[EventCountry "CAN"]

1. d4 d5 2. c4 e5 3. e3 dxc4 4. Bxc4 exd4 5. exd4 Bb4+ 6. Nc3 Qe7+ 7. Nge2 Nf6
8. O-O O-O 9. Bg5 Be6 10. d5 Bf5 11. Nd4 Bg6 12. Re1 Qc5 13. Bxf6 Qxc4 14. Be7
Bxc3 15. bxc3 Re8 16. Qb3 Qa6 17. Nb5 Qa5 18. d6 Na6 19. d7 Rxe7 20. Rxe7 Kf8
21. Rae1 f6 22. Re8+ Bxe8 23. Rxe8+ Rxe8 24. Qg8+ 1-0

[Event "CYCC U14"]
[Site "Regina CAN"]
[Date "2019.07.07"]
[Round "1.103"]
[White "Yang, Henry"]
[Black "Tanaka, Tyler"]
[Result "0-1"]
[WhiteElo "1560"]
[BlackElo "2235"]
[PlyCount "112"]
[EventDate "2019.07.07"]
[EventType "swiss"]
[EventRounds "7"]
[EventCountry "CAN"]

1. d4 Nf6 2. c4 g6 3. Nc3 Bg7 4. e4 d6 5. Bd3 O-O 6. Nge2 c5 7. f3 cxd4 8. Nxd4
Nc6 9. Nxc6 bxc6 10. Be3 Rb8 11. Qd2 Qa5 12. Rb1 Nd7 13. O-O Ne5 14. f4 Ng4 15.
Be2 Nxe3 16. Qxe3 Bd7 17. h4 Qb6 18. Qxb6 Rxb6 19. Na4 Rb4 20. b3 a5 21. Rfd1
h5 22. Kf2 Be6 23. Ke3 f5 24. exf5 Bxf5 25. Bd3 Bg4 26. Rd2 Kh7 27. Be4 c5 28.
g3 Rbb8 29. Rd5 Rbd8 30. Rg5 Rf6 31. Rf1 e6 32. Rxg4 hxg4 33. h5 Kg8 34. hxg6
d5 35. Rd1 Rff8 36. cxd5 Bd4+ 37. Ke2 exd5 38. Bd3 Kg7 39. Rh1 Rh8 40. Rh7+
Rxh7 41. gxh7 Re8+ 42. Kd2 Re6 43. Bf5 Rh6 44. Bxg4 Kxh7 45. Bf3 c4 46. Bxd5
Rh2+ 47. Kd1 c3 48. Be4+ Kg7 49. Bb1 Rd2+ 50. Kc1 Rg2 51. a3 Be3+ 52. Kd1 Rd2+
53. Kc1 Rb2+ 54. Kd1 Rxb1+ 55. Kc2 Rc1+ 56. Kd3 Bd2 0-1

[Event "CYCC U14"]
[Site "Regina CAN"]
[Date "2019.07.07"]
[Round "1.104"]
[White "Huang, Patrick"]
[Black "Imoo, Joshua"]
[Result "1-0"]
[WhiteElo "2234"]
[BlackElo "1552"]
[PlyCount "67"]
[EventDate "2019.07.07"]
[EventType "swiss"]
[EventRounds "7"]
[EventCountry "CAN"]

1. d4 d5 2. Bf4 Nf6 3. e3 c5 4. c3 Qb6 5. Qb3 c4 6. Qc2 g6 7. Nd2 Bg7 8. e4
Nxe4 9. Nxe4 Bf5 10. f3 Qc6 11. g4 dxe4 12. gxf5 exf3 13. Qf2 Qe4+ 14. Qe3 f2+
15. Kxf2 Qxf5 16. Nf3 f6 17. Re1 Nc6 18. Qe4 Qxe4 19. Rxe4 f5 20. Re6 Nd8 21.
Re3 b5 22. Bg2 Rc8 23. Rhe1 Bf8 24. Be5 Rg8 25. Ng5 h6 26. Bd5 hxg5 27. Bxg8 f4
28. Re4 Kd7 29. Bg7 Bxg7 30. Rxe7+ Kc6 31. Rxg7 Kb6 32. Rxg6+ Rc6 33. Rxc6+
Kxc6 34. d5+ 1-0

[Event "CYCC U14"]
[Site "Regina CAN"]
[Date "2019.07.07"]
[Round "1.105"]
[White "Qiu, Andrew Yu"]
[Black "Wang, Paul"]
[Result "0-1"]
[WhiteElo "1454"]
[BlackElo "2104"]
[PlyCount "94"]
[EventDate "2019.07.07"]
[EventType "swiss"]
[EventRounds "7"]
[EventCountry "CAN"]

1. e4 e5 2. Nf3 Nc6 3. Bb5 a6 4. Ba4 Nf6 5. O-O b5 6. Bb3 Be7 7. Re1 O-O 8. c3
d6 9. h3 Nb8 10. Bc2 Nbd7 11. d4 Bb7 12. Nbd2 Re8 13. Nf1 Bf8 14. Ng3 g6 15.
Bg5 Bg7 16. Qd2 Qe7 17. Rad1 Rad8 18. Bh6 c5 19. Bxg7 Kxg7 20. Qg5 Kh8 21. Qc1
cxd4 22. cxd4 exd4 23. Nxd4 Nc5 24. b4 Ne6 25. Qb2 Nxd4 26. Qxd4 Qe5 27. a3 Kg8
28. Bb1 Qxd4 29. Rxd4 d5 30. e5 Nd7 31. f4 Rc8 32. Rd3 Rc4 33. Ne2 Nb6 34. Rd4
Rec8 35. Red1 Na4 36. Kh2 Nc3 37. Rxc4 Rxc4 38. Nxc3 Rxc3 39. Rd3 Rc1 40. Ba2
Ra1 41. Rd2 Kf8 42. g4 d4 43. Kg3 Ke7 44. Kh4 h6 45. Kg3 Rc1 46. Rxd4 Rc3+ 47.
Kh4 Bg2 0-1

[Event "CYCC U14"]
[Site "Regina CAN"]
[Date "2019.07.07"]
[Round "1.106"]
[White "Doknjas, Neil"]
[Black "Qiu, Peter Yong"]
[Result "1-0"]
[WhiteElo "2102"]
[BlackElo "1421"]
[PlyCount "49"]
[EventDate "2019.07.07"]
[EventType "swiss"]
[EventRounds "7"]
[EventCountry "CAN"]

1. e4 e5 2. Nf3 Nc6 3. d4 exd4 4. Nxd4 Bc5 5. Be3 Qf6 6. c3 Nge7 7. Bc4 O-O 8.
O-O Ne5 9. Be2 d6 10. f4 N5c6 11. Kh1 Ng6 12. Qd2 h6 13. b4 Bb6 14. Na3 Re8 15.
Bf3 Nh4 16. Nc4 Nxf3 17. gxf3 Bxd4 18. cxd4 Qh4 19. d5 Ne7 20. Rg1 Bh3 21. Rg3
b5 22. Na5 Ng6 23. f5 Ne5 24. Bxh6 Nxf3 25. Qc3 1-0

[Event "CYCC U14"]
[Site "Regina CAN"]
[Date "2019.07.07"]
[Round "1.107"]
[White "Yoker, Callum"]
[Black "Windram, James"]
[Result "0-1"]
[WhiteElo "1344"]
[BlackElo "2100"]
[PlyCount "94"]
[EventDate "2019.07.07"]
[EventType "swiss"]
[EventRounds "7"]
[EventCountry "CAN"]

1. d4 Nf6 2. Nc3 d5 3. e4 dxe4 4. f3 exf3 5. Nxf3 e6 6. Bg5 Be7 7. Bc4 Nbd7 8.
Qe2 Nb6 9. Bd3 h6 10. Bxf6 Bxf6 11. O-O-O c6 12. Qe4 Nd5 13. Ne2 Bd7 14. Ne5
Qc7 15. Rhf1 Rf8 16. h4 O-O-O 17. Kb1 Kb8 18. Nf4 Bxe5 19. dxe5 f5 20. exf6
gxf6 21. Nxd5 cxd5 22. Qg6 f5 23. Qxh6 Qg3 24. Rh1 Rh8 25. Qf6 Qxg2 26. Rdg1
Qd2 27. h5 Qh6 28. Rg6 Qf8 29. Qe5+ Kc8 30. h6 Rh7 31. Qc3+ Kb8 32. Bxf5 Qxf5
33. Rg7 Rxh6 34. Rhg1 Rf6 35. Qg3+ Qf4 36. Qh3 Rh6 37. Qc3 Bc6 38. Qa5 Rf8 39.
a3 Rhf6 40. R1g4 Qd6 41. Rg8 Rf1+ 42. Ka2 d4 43. R8g7 Qd5+ 44. Qxd5 Bxd5+ 45.
b3 d3 46. Rg2 dxc2 47. Rxc2 R1f2 0-1

[Event "CYCC U14"]
[Site "Regina CAN"]
[Date "2019.07.07"]
[Round "1.108"]
[White "Noorali, Aahil"]
[Black "Ouellette, Alex"]
[Result "1-0"]
[WhiteElo "2078"]
[BlackElo "1333"]
[PlyCount "95"]
[EventDate "2019.07.07"]
[EventType "swiss"]
[EventRounds "7"]
[EventCountry "CAN"]

1. d4 c5 2. d5 Nf6 3. c4 d6 4. Nc3 Bf5 5. g3 g6 6. Bg2 Bg7 7. e4 Bd7 8. Nge2
O-O 9. O-O a6 10. a4 Qc7 11. Re1 e5 12. Qc2 h6 13. f4 Nh7 14. fxe5 dxe5 15. Be3
b6 16. Rad1 Qd6 17. Nc1 Bg4 18. Rd2 Nf6 19. h3 Bc8 20. Nd3 Nbd7 21. Ra1 Nh5 22.
Bf2 Rb8 23. Bf3 Nhf6 24. Nd1 Ne8 25. a5 Qc7 26. axb6 Rxb6 27. b4 Rf6 28. Bg2
Nd6 29. bxc5 Ne8 30. d6 Qc6 31. Nb4 Qa8 32. c6 Nb8 33. d7 Nc7 34. d8=Q Ne6 35.
Qb6 a5 36. Rxa5 Ba6 37. Nxa6 Nxa6 38. Rxa6 Qc8 39. Qb7 Kh7 40. Qxc8 Rxc8 41.
Qb2 Nc5 42. Bxc5 Rfxc6 43. Rxc6 Rxc6 44. Qb5 Rxc5 45. Qxc5 f5 46. Rd8 fxe4 47.
Qd5 e3 48. Qg8# 1-0